| 000 | 00515nam a2200205Ia 4500 | ||
|---|---|---|---|
| 001 | 4585 | ||
| 008 | 211124n ii |||gr||||Z||||||465 | ||
| 082 | _a954.1 | ||
| 100 | _aGait, Edward . | ||
| 245 | 0 |
_aA History of Assam / _cEdward Gait. _hTextual Documents |
|
| 250 | _a2nd ed. / | ||
| 260 |
_aGuwahati : _bL B S Publication , _c1962. |
||
| 300 |
_a390p. ; _c22cm. |
||
| 504 | _aIndex | ||
| 653 | _aHistory-Assam | ||
| 653 | _aAssam-History | ||
| 653 | _aPG-History | ||
| 653 | _aG-History | ||
| 942 |
_2ddc _cBK |
||
| 999 |
_c4572 _d4572 |
||